| 000 | 00569nam a2200217Ia 4500 | ||
|---|---|---|---|
| 003 | OSt | ||
| 005 | 20230429102847.0 | ||
| 008 | 210423s2013 xx 000 0 und d | ||
| 020 | _a978-93-82563-81-5 | ||
| 040 | _cAL | ||
| 041 | _aeng | ||
| 082 |
_a152.4 _223 _bGOLW |
||
| 100 |
_aGOLEMAN (Daniel) _994998 |
||
| 245 | _aWorking with emotional intelligence | ||
| 260 |
_aNew Delhi _bBloomsbury Publishing _c2013 |
||
| 300 |
_axi,383 _bPB |
||
| 365 |
_b499 _cINR |
||
| 650 |
_aPsychology _994999 |
||
| 906 | _aemotional ; intelligence ; Working | ||
| 942 |
_2ddc _cBK |
||
| 999 |
_c170432 _d170432 |
||